[Event "Reykjavik Open 2013"]
[Site "Reykjavik ISL"]
[Date "2013.02.20"]
[Round "2.38"]
[White "Thorhallsson, Throstur"]
[Black "Bjarnason, Saevar"]
[Result "1-0"]
[WhiteTitle "GM"]
[BlackTitle "IM"]
[WhiteElo "2441"]
[BlackElo "2133"]
[WhiteFideId "2300109"]
[BlackFideId "2300176"]
[EventDate "2013.02.19"]

1. e4 e5 2. Nf3 Nc6 3. d4 exd4 4. Nxd4 Nf6 5. Nxc6 bxc6 6. e5 Qe7 7. Qe2 Nd5 8.
Nd2 g6 9. Nf3 Bg7 10. c4 Ba6 11. Bg5 Qb4+ 12. Qd2 Qxd2+ 13. Bxd2 Nb6 14. b3 d5
15. cxd5 Bxf1 16. Kxf1 Nxd5 17. Rc1 Kd7 18. Nd4 Bxe5 19. Nxc6 Rhe8 20. h4 Re6
21. Na5 Bf4 22. Bxf4 Nxf4 23. g3 Nd5 24. Kg2 Rb8 25. Rc5 Ne7 26. Rd1+ Rd6 27.
Rdc1 c6 28. Nc4 Rf6 29. Ra5 Nc8 30. Rd1+ Ke7 31. Re5+ Re6 32. Rxe6+ fxe6 33. Ne5
Rb7 34. Nxc6+ Kf6 35. Rd4 Rc7 36. Rf4+ Kg7 37. Nd8 Re7 38. Rd4 Nb6 39. Rd6 Kf6
40. h5 Nc8 41. Ra6 1-0

[Event "Reykjavik Open 2013"]
[Site "Reykjavik ISL"]
[Date "2013.02.20"]
[Round "2.39"]
[White "Newrkla, Katharina"]
[Black "Schreiner, Peter"]
[Result "0-1"]
[WhiteTitle "WF"]
[BlackTitle "IM"]
[WhiteElo "2135"]
[BlackElo "2439"]
[WhiteFideId "1621629"]
[BlackFideId "1621645"]
[EventDate "2013.02.19"]

1. e4 c5 2. Nf3 Nc6 3. d4 cxd4 4. Nxd4 g6 5. c4 Bg7 6. Be3 Nf6 7. Nc3 O-O 8. Be2
d6 9. O-O Bd7 10. Nc2 Rc8 11. Qd2 Ne5 12. b3 a6 13. Rad1 b5 14. c5 Nfg4 15. f4
Nxe3 16. Nxe3 Nc6 17. cxd6 exd6 18. e5 Nb8 19. Ne4 dxe5 20. Nd6 exf4 21. Rxf4
Bh6 22. Rf3 Rc6 23. Qd4 Bg7 24. Qf4 Qe7 25. Ne4 Be6 26. Nd5 Bxd5 27. Rxd5 Rc2
28. Bf1 Rxa2 29. Rfd3 Kh8 30. Ng5 Qa7+ 31. Kh1 Rf2 32. Qc1 Qc7 33. Qd1 Qc2 34.
Rd8 Qxd1 35. Rxf8+ Bxf8 36. Rxd1 Kg7 37. Ne4 Rb2 38. Rd3 Nc6 39. h3 Na5 40. Nd2
Bb4 0-1

[Event "Reykjavik Open 2013"]
[Site "Reykjavik ISL"]
[Date "2013.02.20"]
[Round "2.41"]
[White "Bjerke, Richard"]
[Black "Norowitz, Yaacov"]
[Result "1-0"]
[WhiteTitle "FM"]
[WhiteElo "2131"]
[BlackElo "2432"]
[WhiteFideId "1500252"]
[BlackFideId "2024799"]
[EventDate "2013.02.19"]

1. e4 c6 2. d4 d5 3. exd5 cxd5 4. c4 Nf6 5. Nc3 e6 6. Nf3 Be7 7. cxd5 Nxd5 8.
Bd3 O-O 9. O-O Nc6 10. Re1 Nf6 11. a3 Qd6 12. Bg5 Rd8 13. Ne4 Nxe4 14. Rxe4 Bxg5
15. Nxg5 h6 16. Nf3 b6 17. Qe2 Bb7 18. Ba6 Bxa6 19. Qxa6 Qd5 20. Qe2 Rac8 21.
Re1 Na5 22. h3 Rc4 23. Re5 Qc6 24. Rxa5 Rc2 25. Rc5 1-0

[Event "Reykjavik Open 2013"]
[Site "Reykjavik ISL"]
[Date "2013.02.20"]
[Round "2.42"]
[White "Guo, Qi"]
[Black "Van Heirzeele, Daniel"]
[Result "1-0"]
[WhiteTitle "WGM"]
[WhiteElo "2431"]
[BlackElo "2125"]
[WhiteFideId "8604002"]
[BlackFideId "200425"]
[EventDate "2013.02.19"]

1. d4 Nf6 2. c4 e6 3. Nf3 b6 4. g3 Ba6 5. Qc2 Bb4+ 6. Bd2 Bxd2+ 7. Nbxd2 O-O 8.
e4 d6 9. e5 dxe5 10. dxe5 Nfd7 11. Bd3 h6 12. Be4 c6 13. O-O-O Qc7 14. Qc3 Bb7
15. Bb1 c5 16. Qd3 g6 17. Qe3 Kg7 18. h4 h5 19. g4 Rh8 20. Rhg1 Nc6 21. Rde1
hxg4 22. Rxg4 Rh5 23. Ng5 Nf8 24. Qf4 Qe7 25. Nde4 Nd4 26. Nf6 Rh6 27. h5 Nf5
28. Nge4 Rd8 29. hxg6 fxg6 30. Ng3 Nd4 31. Qg5 Rh4 32. Qxh4 1-0

[Event "Reykjavik Open 2013"]
[Site "Reykjavik ISL"]
[Date "2013.02.20"]
[Round "2.43"]
[White "Bergthorsson, Jon Thor"]
[Black "Kjartansson, Gudmundur"]
[Result "0-1"]
[BlackTitle "IM"]
[WhiteElo "2125"]
[BlackElo "2430"]
[WhiteFideId "2302829"]
[BlackFideId "2301318"]
[EventDate "2013.02.19"]

1. c4 Nf6 2. Nf3 b6 3. g3 Bb7 4. Bg2 g6 5. b3 Bg7 6. Bb2 O-O 7. O-O c5 8. Nc3 d6
9. d3 Nc6 10. Nd5 e6 11. Nxf6+ Bxf6 12. Qd2 d5 13. cxd5 exd5 14. d4 Rc8 15. Rac1
Nb4 16. h4 Qd6 17. a3 Na6 18. Ne5 Rfd8 19. Ng4 Bg7 20. dxc5 bxc5 21. Bxg7 Kxg7
22. Qh6+ Kg8 23. Qg5 Nc7 24. Nh6+ Kf8 25. Bh3 f6 26. Qd2 Rb8 27. Nf5 gxf5 28.
Qh6+ Kg8 29. Bxf5 Qe7 30. Rxc5 Ne6 31. Bxe6+ Qxe6 32. Rc7 Rd7 33. Rxd7 Qxd7 34.
Qxf6 d4 35. Qg5+ Qg7 36. Rd1 Qxg5 37. hxg5 Rd8 38. f4 Kf7 39. Kf2 Ke6 40. g4 Rd7
41. Rc1 Kd5 42. Kf3 Re7 43. b4 Ba6 44. Rc5+ Kd6 45. Rc2 Re3+ 46. Kf2 Rxa3 47. f5
Re3 48. g6 hxg6 49. fxg6 Re7 50. Kf3 Re6 51. g7 Rg6 52. Ra2 Bb7+ 53. e4 Rxg7 54.
Ra5 Rf7+ 55. Ke2 Bxe4 56. g5 Rh7 57. g6 Rg7 0-1

[Event "Reykjavik Open 2013"]
[Site "Reykjavik ISL"]
[Date "2013.02.20"]
[Round "2.44"]
[White "Mikkelsen, Nikolaj"]
[Black "Johansen, Stian"]
[Result "1-0"]
[WhiteTitle "IM"]
[WhiteElo "2421"]
[BlackElo "2090"]
[WhiteFideId "1407970"]
[BlackFideId "1508121"]
[EventDate "2013.02.19"]

1. e4 c5 2. Nf3 Nc6 3. Bb5 g6 4. Bxc6 dxc6 5. d3 Bg7 6. h3 Nf6 7. Nc3 b5 8. a3
Qc7 9. O-O O-O 10. Be3 Nd7 11. Qd2 b4 12. Na4 a5 13. Bh6 Ba6 14. Bxg7 Kxg7 15.
Qe3 Qd6 16. b3 Bb5 17. e5 Qd5 18. Nb2 f6 19. a4 Ba6 20. Rae1 f5 21. Qf4 e6 22.
Nc4 Nb8 23. Nb6 Qd8 24. Nxa8 Nd7 25. Nd2 g5 1-0

[Event "Reykjavik Open 2013"]
[Site "Reykjavik ISL"]
[Date "2013.02.20"]
[Round "2.45"]
[White "Drill, Frank"]
[Black "Guramishvili, Sopiko"]
[Result "0-1"]
[BlackTitle "IM"]
[WhiteElo "2124"]
[BlackElo "2414"]
[WhiteFideId "4609387"]
[BlackFideId "13602888"]
[EventDate "2013.02.19"]

1. e4 c5 2. Nf3 d6 3. d4 Nf6 4. Nc3 cxd4 5. Nxd4 a6 6. f4 Nbd7 7. Nf3 Qc7 8. a4
e6 9. Bd3 b6 10. O-O Bb7 11. Qe1 Be7 12. Kh1 Nc5 13. Bd2 d5 14. exd5 exd5 15.
Ne2 Nce4 16. Ned4 O-O 17. Rd1 Rfe8 18. Qh4 Nxd2 19. Nxd2 Ne4 20. Qh3 Bf6 21.
N2b3 Bc8 22. Qh5 g6 23. Qh6 Bg4 24. Nf3 Bg7 25. Qh4 h5 26. Rb1 Qxf4 27. Bxe4
Qxe4 28. Ng5 Qxc2 29. Na1 Qd3 30. Nxf7 Be2 31. Rfc1 Kxf7 32. Rc7+ Kg8 33. Rbc1
Qf5 0-1

[Event "Reykjavik Open 2013"]
[Site "Reykjavik ISL"]
[Date "2013.02.20"]
[Round "2.47"]
[White "Palsson, Halldor"]
[Black "Li, Wenliang"]
[Result "0-1"]
[BlackTitle "IM"]
[WhiteElo "2078"]
[BlackElo "2411"]
[WhiteFideId "2301202"]
[BlackFideId "8600490"]
[EventDate "2013.02.19"]

1. d4 d5 2. Nf3 Nf6 3. Bf4 e6 4. e3 c5 5. Nbd2 Nc6 6. c3 Bd6 7. Bd3 cxd4 8. Nxd4
Bxf4 9. Nxc6 bxc6 10. exf4 Qb6 11. Rb1 Ba6 12. Qe2 Bxd3 13. Qxd3 O-O 14. O-O a5
15. b3 c5 16. Rfe1 Qc7 17. Qe3 a4 18. b4 0-1

[Event "Reykjavik Open 2013"]
[Site "Reykjavik ISL"]
[Date "2013.02.20"]
[Round "2.48"]
[White "Diermair, Andreas"]
[Black "Jensen, Soren3"]
[Result "1-0"]
[WhiteTitle "IM"]
[WhiteElo "2407"]
[BlackElo "1909"]
[WhiteFideId "1612468"]
[BlackFideId "1421204"]
[EventDate "2013.02.19"]

1. d4 d5 2. c4 e5 3. dxe5 d4 4. Nf3 Nc6 5. a3 a5 6. Nbd2 Nge7 7. g3 Ng6 8. Nb3
Ngxe5 9. Nxe5 Nxe5 10. Qxd4 Qe7 11. Bg2 Bg4 12. Be3 a4 13. Nd2 Rd8 14. Qe4 c6
15. Qc2 g6 16. O-O Bg7 17. Qxa4 O-O 18. Rfe1 f5 19. Qc2 g5 20. Nf3 f4 21. Bb6
Rde8 22. Rad1 fxg3 23. hxg3 c5 24. Nxe5 Bxe5 25. Qe4 Rf6 26. Qd5+ Kh8 27. Bxc5
Qf7 28. Bd4 Bxd4 29. Qxd4 1-0

[Event "Reykjavik Open 2013"]
[Site "Reykjavik ISL"]
[Date "2013.02.20"]
[Round "2.49"]
[White "Raddatz, Michael"]
[Black "Ris, Robert"]
[Result "0-1"]
[BlackTitle "IM"]
[WhiteElo "2075"]
[BlackElo "2407"]
[WhiteFideId "4613252"]
[BlackFideId "1011480"]
[EventDate "2013.02.19"]

1. e4 e5 2. Nf3 Nc6 3. Bb5 a6 4. Bxc6 dxc6 5. O-O Qe7 6. d4 exd4 7. Qxd4 Bg4 8.
Nbd2 Qc5 9. Qxc5 Bxc5 10. Ne5 Be6 11. Nd3 Bb6 12. Nf4 Nf6 13. h3 Rd8 14. Re1 Bc8
15. Nc4 Bc5 16. Nd3 Be7 17. Bf4 Rd4 18. Nd2 Rd7 19. Ne5 Rd4 20. Nd3 Rd8 21. Rad1
O-O 22. f3 b6 0-1

[Event "Reykjavik Open 2013"]
[Site "Reykjavik ISL"]
[Date "2013.02.20"]
[Round "2.50"]
[White "Bekker-Jensen, Simon"]
[Black "Birgisdottir, Ingibjorg"]
[Result "1-0"]
[WhiteTitle "IM"]
[WhiteElo "2405"]
[BlackElo "1783"]
[WhiteFideId "1403613"]
[BlackFideId "2309424"]
[EventDate "2013.02.19"]

1. d4 d5 2. c4 Nf6 3. cxd5 Nxd5 4. Nf3 e6 5. e4 Nf6 6. Nc3 Be7 7. Be2 O-O 8. O-O
Nbd7 9. Bf4 c6 10. Rc1 Nb6 11. Qc2 Bd7 12. Rfd1 Rc8 13. h3 h6 14. Qb3 Kh8 15.
Be3 c5 16. Ne5 Qc7 17. Bf4 Bd6 18. dxc5 Bxe5 19. cxb6 axb6 20. Nd5 Qb8 21. Nxf6
Rxc1 22. Nxd7 Rxd1+ 23. Qxd1 Rd8 24. Nxb8 Rxd1+ 25. Bxd1 Bxf4 26. Nd7 Bc7 27. e5
Kg8 28. Bf3 g5 29. Bxb7 Kg7 30. a4 h5 31. Kf1 g4 32. hxg4 hxg4 33. Ke2 1-0

[Event "Reykjavik Open 2013"]
[Site "Reykjavik ISL"]
[Date "2013.02.20"]
[Round "2.53"]
[White "Pantzar, Milton"]
[Black "Zumsande, Martin"]
[Result "0-1"]
[BlackTitle "IM"]
[WhiteElo "1693"]
[BlackElo "2419"]
[WhiteFideId "1721003"]
[BlackFideId "4651324"]
[EventDate "2013.02.19"]

1. d4 d5 2. c4 e6 3. Nc3 Be7 4. Nf3 Nf6 5. Bg5 h6 6. Bh4 O-O 7. e3 b6 8. cxd5
Nxd5 9. Bxe7 Qxe7 10. Nxd5 exd5 11. Be2 Bf5 12. O-O c5 13. b3 Nd7 14. Rc1 Rfc8
15. Ba6 Rc7 16. Rc3 Nf6 17. Nd2 cxd4 18. Rxc7 Qxc7 19. exd4 Qc3 20. Nf3 Qa5 21.
Qe2 Ng4 22. Qb5 Qxa2 23. Ne5 Be6 24. Qa4 Qb2 25. Nc6 Bd7 26. Bb7 Bxc6 27. Bxc6
Rd8 28. Qxa7 Qxd4 29. Qa4 Qxa4 30. bxa4 Rd6 31. Bb7 Kf8 32. f3 Ne5 33. Rc1 0-1

[Event "Reykjavik Open 2013"]
[Site "Reykjavik ISL"]
[Date "2013.02.20"]
[Round "2.54"]
[White "Jacobsen, Trond"]
[Black "Jayakumar, Adarsh"]
[Result "0-1"]
[BlackTitle "FM"]
[WhiteElo "1610"]
[BlackElo "2271"]
[WhiteFideId "1510380"]
[BlackFideId "5026520"]
[EventDate "2013.02.19"]

1. d4 d5 2. c4 e6 3. Nc3 c6 4. cxd5 exd5 5. Nf3 Nf6 6. Bg5 Be7 7. e3 O-O 8. Bd3
Ne4 9. Bxe4 Bxg5 10. Bd3 Bf6 11. Qd2 g6 12. O-O Be6 13. b4 Nd7 14. Na4 Qe7 15.
Rae1 Rac8 16. Rc1 b6 17. Qe2 Bg7 18. Rc2 h6 19. Rfc1 Qd6 20. Ne1 Nf6 21. f3 Nd7
22. g3 Rfe8 23. Ng2 f5 24. Kf2 g5 25. f4 Nf6 26. h3 Bd7 27. b5 cxb5 28. Rxc8
Rxc8 29. Rxc8+ Bxc8 30. Qc2 Bd7 31. Nc3 Qc6 32. Qb3 a6 33. Ne1 Be6 34. Nf3 Ne4+
35. Bxe4 dxe4 36. d5 Qxc3 37. dxe6 Qxb3 38. axb3 exf3 39. e4 a5 0-1

[Event "Reykjavik Open 2013"]
[Site "Reykjavik ISL"]
[Date "2013.02.20"]
[Round "2.55"]
[White "Mihajlov, Sebastian"]
[Black "Ragnarsson, Dagur"]
[Result "1/2-1/2"]
[WhiteElo "2059"]
[BlackElo "1961"]
[WhiteFideId "1512110"]
[BlackFideId "2304058"]
[EventDate "2013.02.19"]

1. d4 d5 2. c4 e6 3. Nc3 c5 4. cxd5 exd5 5. Nf3 Nc6 6. g3 Nf6 7. Bg2 Be7 8. dxc5
Bxc5 9. Bg5 O-O 10. O-O d4 11. Bxf6 Qxf6 12. Nd5 Qd8 13. Nf4 Re8 14. a3 a6 15.
Rc1 Ba7 16. b4 h6 17. Nd2 g5 18. Nd3 Bg4 19. Re1 Qd7 20. Ne4 Qe7 21. Nec5 Ne5
22. Nxe5 Qxe5 23. Bxb7 Rad8 24. Bxa6 Rd6 25. Qd2 Qe7 26. Bb5 Ra8 27. e3 dxe3 28.
Qxe3 Re6 29. Qc3 Bxc5 30. bxc5 Rxa3 31. Qb4 Rb3 32. Rxe6 Bxe6 33. Qa4 Qf6 34.
Bc6 Rb2 35. Rf1 Qc3 36. Qa1 Rc2 1/2-1/2

[Event "Reykjavik Open 2013"]
[Site "Reykjavik ISL"]
[Date "2013.02.20"]
[Round "2.56"]
[White "Urkedal, Frode"]
[Black "Arntsen, Frode"]
[Result "1-0"]
[WhiteTitle "IM"]
[WhiteElo "2473"]
[BlackElo "1840"]
[WhiteFideId "1506102"]
[BlackFideId "1513761"]
[EventDate "2013.02.19"]

1. d4 Nf6 2. c4 g6 3. Nc3 Bg7 4. e4 d6 5. Nf3 O-O 6. Be2 e5 7. O-O Nc6 8. d5 Ne7
9. Ne1 Nd7 10. Be3 f5 11. f3 f4 12. Bf2 g5 13. Rc1 Qe8 14. Nb5 Qh5 15. Nxc7 Rf6
16. Nxa8 Rh6 17. h4 Nf6 18. c5 g4 19. fxg4 Bxg4 20. Bxg4 Nxg4 21. cxd6 Ng6 22.
Rc8+ Bf8 23. d7 Nxh4 24. Bxh4 Qxh4 25. Qxg4+ 1-0

[Event "Reykjavik Open 2013"]
[Site "Reykjavik ISL"]
[Date "2013.02.20"]
[Round "2.58"]
[White "Traustason, Ingi Tandri"]
[Black "Knutsson, Larus"]
[Result "1/2-1/2"]
[WhiteElo "1840"]
[BlackElo "2072"]
[WhiteFideId "2302934"]
[BlackFideId "2806231"]
[EventDate "2013.02.19"]

1. d4 d5 2. c4 c6 3. e3 Nf6 4. Nc3 g6 5. Nf3 Bg7 6. Bd3 O-O 7. O-O Re8 8. Qc2
Nbd7 9. b3 e5 10. dxe5 dxc4 11. Bxc4 Nxe5 12. Nxe5 Rxe5 13. Bb2 Bf5 14. Qe2 b5
15. Rfd1 Qe7 16. Bd3 Bg4 17. f3 Rxe3 18. Qf2 Rd8 19. Bf1 Bd7 20. Rd2 Bh6 21. Re2
Re8 22. Qh4 Rxe2 23. Nxe2 Qe3+ 24. Kh1 Bg5 25. Qd4 Qxd4 26. Bxd4 Nd5 27. Bxa7
Ra8 28. Bc5 Bf6 29. Bd4 Bxd4 30. Nxd4 b4 31. Nc2 c5 32. Bc4 Nb6 33. Ne3 Nxc4 34.
Nxc4 Be6 35. Nd2 f5 36. Kg1 Rd8 37. Nf1 Kf7 38. Kf2 c4 39. bxc4 Bxc4 40. Rb1 Ra8
41. Rxb4 Rxa2+ 42. Kg1 Ba6 43. Rb1 h5 44. Ne3 Re2 45. Ra1 Bd3 46. Nf1 f4 47. Rd1
Bf5 48. Ra1 Kf6 49. h4 g5 50. Ra6+ Be6 51. hxg5+ Kxg5 52. Ra5+ Bf5 53. g3 Rc2
54. gxf4+ Kxf4 1/2-1/2

[Event "Reykjavik Open 2013"]
[Site "Reykjavik ISL"]
[Date "2013.02.20"]
[Round "2.59"]
[White "Christiansen, Johan-Sebastian"]
[Black "Johansen, Arnt-Ole"]
[Result "1-0"]
[WhiteElo "2071"]
[BlackElo "1817"]
[WhiteFideId "1512668"]
[BlackFideId "1516728"]
[EventDate "2013.02.19"]

1. c4 e5 2. Nc3 Nc6 3. Nf3 f5 4. d4 exd4 5. Nxd4 Nxd4 6. Qxd4 Qf6 7. Qd3 Bb4 8.
Bd2 Bxc3 9. Bxc3 Qf7 10. Qg3 Nf6 11. Qxc7 O-O 12. g3 Ne4 13. Be5 Qe6 14. Bg2 d6 1-0

[Event "Reykjavik Open 2013"]
[Site "Reykjavik ISL"]
[Date "2013.02.20"]
[Round "2.62"]
[White "Ohlsson, Mikael"]
[Black "Heerde, Thomas"]
[Result "0-1"]
[WhiteElo "1811"]
[BlackElo "2053"]
[WhiteFideId "1719700"]
[BlackFideId "12945684"]
[EventDate "2013.02.19"]

1. d4 Nf6 2. g3 g6 3. Bg2 Bg7 4. c3 O-O 5. Nd2 c5 6. dxc5 Qc7 7. Nb3 Na6 8. Nf3
Nxc5 9. O-O d6 10. Bg5 Na4 11. Qc1 Re8 12. Rd1 Rb8 13. Nfd4 a6 14. e4 b5 15. Kh1
Bb7 16. f3 Nd7 17. Qd2 Ne5 18. Bf1 d5 19. exd5 Bxd5 20. Kg2 Nc4 21. Bxc4 bxc4
22. Nc2 cxb3 23. Nb4 Bb7 24. axb3 Nc5 25. Qc2 Red8 26. Re1 f6 27. Be3 a5 28.
Bxc5 Qxc5 29. Nd3 Qd5 30. Re3 Bh6 31. Nf4 Qd2+ 32. Qxd2 Rxd2+ 33. Kh3 Bc8+ 0-1

[Event "Reykjavik Open 2013"]
[Site "Reykjavik ISL"]
[Date "2013.02.20"]
[Round "2.66"]
[White "Thorgeirsson, Jon Kristinn"]
[Black "Thorsteinsdottir, Gudlaug"]
[Result "0-1"]
[BlackTitle "WF"]
[WhiteElo "1766"]
[BlackElo "2041"]
[WhiteFideId "2307731"]
[BlackFideId "2300753"]
[EventDate "2013.02.19"]

1. e4 c5 2. Nf3 e6 3. d4 cxd4 4. Nxd4 a6 5. Be3 Qc7 6. Be2 Nf6 7. Nd2 Nc6 8. c3
d5 9. Nxc6 bxc6 10. Qc2 Bd6 11. Bf3 Bb7 12. O-O Bxh2+ 13. Kh1 Bd6 14. exd5 cxd5
15. Rae1 h5 16. Bd4 Ng4 17. Bxg7 Bf8 18. Rxe6+ fxe6 19. Qg6+ Kd7 20. Bxg4 hxg4+
21. Bxh8 Be7 22. Bf6 Qf4 23. g3 Qxf6 24. Qxf6 Bxf6 25. Nb3 d4+ 26. Kg1 Bf3 27.
Nd2 Bc6 28. f3 dxc3 29. bxc3 Bxc3 30. Rd1 Ke7 31. Ne4 Bxe4 32. fxe4 Rd8 33. Rc1
Be5 34. Rc6 Rd1+ 35. Kf2 Rd2+ 36. Ke3 Rxa2 37. Rc5 Ra3+ 38. Ke2 Kd6 39. Rc8 Rxg3
40. Ra8 Ra3 41. Rg8 g3 42. Rd8+ Kc5 43. Rg8 Kd4 44. Rg4 a5 0-1

[Event "Reykjavik Open 2013"]
[Site "Reykjavik ISL"]
[Date "2013.02.20"]
[Round "2.67"]
[White "Haraldsson, Leif"]
[Black "Bakkes, Frits"]
[Result "1-0"]
[WhiteElo "2028"]
[BlackElo "1750"]
[WhiteFideId "1710648"]
[BlackFideId "1044079"]
[EventDate "2013.02.19"]

1. f4 d5 2. Nf3 c5 3. g3 Nc6 4. Bg2 Nf6 5. O-O g6 6. d3 Bg7 7. Qe1 O-O 8. c3 Bd7
9. e4 dxe4 10. dxe4 Qc8 11. e5 Nd5 12. Ng5 Nc7 13. Be3 h6 14. Ne4 b6 15. Nf2 Rb8
16. Nd2 Na5 17. b3 Bb5 18. c4 Bc6 19. Nf3 Ne6 20. Rd1 Qb7 21. Nh3 Rbd8 22. Qf2
Rd7 23. Rxd7 Qxd7 24. g4 Be4 25. Nh4 Bxg2 26. Qxg2 Nc6 27. f5 Ng5 28. Nxg5 hxg5
29. Bxg5 Qd4+ 30. Kh1 Nxe5 31. Bxe7 Re8 32. Bg5 f6 33. Bc1 gxf5 34. Nxf5 Qxg4
35. Qxg4 Nxg4 36. h3 Ne5 37. Rg1 Kf8 38. Rxg7 Nd3 39. Bh6 Re1+ 40. Rg1+ Kf7 41.
Rxe1 Nxe1 42. Nd6+ 1-0

[Event "Reykjavik Open 2013"]
[Site "Reykjavik ISL"]
[Date "2013.02.20"]
[Round "2.68"]
[White "Storesund, Henrik"]
[Black "Murray, Michael A."]
[Result "0-1"]
[WhiteElo "1759"]
[BlackElo "2017"]
[WhiteFideId "1518615"]
[BlackFideId "2609126"]
[EventDate "2013.02.19"]

1. e4 Nc6 2. d4 e5 3. Nf3 exd4 4. Nxd4 g6 5. Bc4 Bg7 6. Nxc6 bxc6 7. O-O Ne7 8.
Nc3 O-O 9. f4 d6 10. f5 gxf5 11. Qh5 d5 12. exd5 cxd5 13. Bd3 Qd6 14. Rf3 Qg6
15. Qh4 Qf6 16. Qh5 Qd4+ 17. Re3 Ng6 18. Kh1 f4 19. Re1 c6 20. Ne2 Qe5 21. Qf3
Bf5 22. Bxf5 Qxf5 23. c3 Rfe8 24. Bd2 Qc2 25. Bxf4 Nxf4 26. Nxf4 Qxb2 27. Nh5
Qxc3 28. Qf2 Re6 29. Rf1 Rf8 30. Rab1 Qd4 31. Qg3 Rg6 32. Qf3 Qg4 33. Qxg4 Rxg4
34. Nf6+ Bxf6 35. Rxf6 Ra4 36. Kg1 Rxa2 37. Rxc6 Re8 38. Rc3 d4 39. Rg3+ Kf8 40.
Rd1 Re3 41. Rg4 d3 42. Kf1 a5 43. Rh4 a4 44. Rxh7 a3 45. Rh4 Rb2 46. Rc4 a2 47.
Rcc1 d2 0-1

[Event "Reykjavik Open 2013"]
[Site "Reykjavik ISL"]
[Date "2013.02.20"]
[Round "2.69"]
[White "Isaksson, Per"]
[Black "Leosson, Atli Johann"]
[Result "1-0"]
[WhiteElo "2016"]
[BlackElo "1736"]
[WhiteFideId "1707035"]
[BlackFideId "2308533"]
[EventDate "2013.02.19"]

1. d4 d5 2. c4 c6 3. Nf3 Nf6 4. Nc3 g6 5. e3 Bg7 6. Be2 Nbd7 7. O-O O-O 8. b3
Qc7 9. Bb2 dxc4 10. Bxc4 Nb6 11. Bd3 Bg4 12. h3 Bxf3 13. Qxf3 Rad8 14. Rfd1 Nbd5
15. Rac1 Nxc3 16. Bxc3 Nd5 17. Be1 e5 18. e4 Nf4 19. d5 Nxd3 20. Rxd3 Bh6 21.
Rcd1 cxd5 22. exd5 Qd6 23. Qe4 f5 24. Qa4 e4 25. Bb4 Qb6 26. Bxf8 Rxf8 27. Rc3
e3 28. fxe3 Bxe3+ 29. Kh1 f4 30. Qd7 Rf7 31. Qe8+ Kg7 32. Qe5+ Kh6 33. Qe6 Qxe6
34. dxe6 Re7 35. Rd6 Kg5 36. g3 Kf6 37. Kg2 Rxe6 38. Rxe6+ Kxe6 39. Rc7 h5 40.
Rxb7 fxg3 41. Kxg3 Kf5 42. Kf3 Bb6 43. b4 Kg5 44. a4 Kh4 45. Kg2 Be3 46. a5 g5
47. b5 g4 48. hxg4 Kxg4 49. Rxa7 Bxa7 50. b6 1-0

[Event "Reykjavik Open 2013"]
[Site "Reykjavik ISL"]
[Date "2013.02.20"]
[Round "2.72"]
[White "Pretterhofer, Kiaras"]
[Black "Seim, Fredrik"]
[Result "1-0"]
[WhiteElo "1997"]
[BlackElo "1714"]
[WhiteFideId "1618768"]
[BlackFideId "1516442"]
[EventDate "2013.02.19"]

1. e4 e6 2. d4 d5 3. Nc3 Nf6 4. Bg5 Bb4 5. e5 h6 6. Bh4 g5 7. exf6 gxh4 8. Qf3
Nd7 9. O-O-O Nxf6 10. Nb5 Ne4 11. Qf4 Ba5 12. Nh3 a6 13. f3 Ng5 14. Na3 Nxh3 15.
gxh3 Qg5 16. Qxg5 hxg5 17. Rg1 f6 18. Bd3 Ke7 19. c4 c6 20. Nc2 Bc7 21. Rg2 Bf4+
22. Kb1 Kd6 23. Re2 Bd7 24. Ne3 Bxe3 25. c5+ Ke7 26. Rxe3 Rae8 27. Rde1 Rhg8 28.
Kc1 Kd8 29. Bc2 Ke7 30. Bh7 Rg7 31. Bc2 f5 32. Bxf5 Kf6 33. Bg4 Ree7 34. Re5 Rg8
35. Kd2 Rb8 36. f4 gxf4 37. Rf1 Rf7 38. Rxf4+ Ke7 39. Rxf7+ Kxf7 40. Rh5 Kg6 41.
Rxh4 Rf8 42. Ke2 Rf6 43. Rh8 Rf7 44. Rb8 e5 45. dxe5 Bxg4+ 46. hxg4 Kg5 47. Rg8+
Kf4 48. e6 Re7 49. Rg6 Ke4 50. h4 d4 51. h5 d3+ 52. Kd2 Re8 53. Rf6 Ke5 54. g5 1-0

[Event "Reykjavik Open 2013"]
[Site "Reykjavik ISL"]
[Date "2013.02.20"]
[Round "2.73"]
[White "Hojgaard, Brandur"]
[Black "Andreasen, Jakup A.R."]
[Result "1/2-1/2"]
[WhiteElo "1734"]
[BlackElo "1992"]
[WhiteFideId "7201478"]
[BlackFideId "7200528"]
[EventDate "2013.02.19"]

1. d4 Nf6 2. Nf3 g6 3. Bf4 Bg7 4. e3 c5 5. c3 O-O 6. Nbd2 b6 7. Bd3 Bb7 8. Qc2
Nc6 9. h4 cxd4 10. exd4 Rc8 11. Qa4 d6 12. Ba6 Bxa6 13. Qxa6 e5 14. dxe5 dxe5
15. Bg5 h6 16. Bxf6 Bxf6 17. Ne4 Bg7 18. Rd1 Qe7 19. O-O Rfd8 20. Qe2 f5 21. Ng3
e4 22. Nh2 Be5 23. Rxd8+ Nxd8 24. Rd1 Ne6 25. Qb5 Nc5 26. Rd5 Bxg3 27. fxg3 Kg7
28. Qc4 Qe6 29. Kh1 Nd7 1/2-1/2

[Event "Reykjavik Open 2013"]
[Site "Reykjavik ISL"]
[Date "2013.02.20"]
[Round "2.74"]
[White "Kleinert, Juergen"]
[Black "Ontiveros, John"]
[Result "1-0"]
[WhiteElo "1991"]
[BlackElo "1700"]
[WhiteFideId "4659180"]
[BlackFideId "2303981"]
[EventDate "2013.02.19"]

1. e4 e5 2. f4 Nc6 3. Bc4 Nf6 4. Nf3 Bc5 5. Nc3 Ng4 6. Na4 Nf2 7. Qe2 Nd4 8.
Nxd4 Bxd4 9. c3 Nxh1 10. cxd4 exf4 11. Qh5 O-O 12. d3 Qf6 13. Bd2 Qxd4 14. O-O-O
Nf2 15. Bc3 Qe3+ 16. Rd2 d6 17. Qg5 Nxd3+ 18. Bxd3 f6 19. Qd5+ Kh8 20. Bd4 Qe1+
21. Kc2 Bd7 22. Nc3 Bc6 23. Qh5 Be8 24. Qh3 f3 25. gxf3 f5 26. Rd1 Qxd1+ 27.
Kxd1 fxe4 28. Bxe4 h6 29. Qxh6+ Kg8 30. Qxg7# 1-0